Estadísticas para Encuentra la Ciudad Misteriosa usando Pistas de Color

Haz click aquí para tomar la prueba!

Estadísticas generales

  • Esta prueba ha sido tomada 3.353 veces
  • La puntuación promedio es 26 de 200

Respuestas en el mapa

Las respuestas están codificadas por una escala verde-roja en el mapa de la prueba según el % correcto abajo.
 

Estadísticas de respuestas

Ciudad% Correcto
Madrid
79%
París
71%
Londres
66%
Berlín
62%
Roma
50%
Moscú
49%
Barcelona
37%
Pekín
30%
Buenos Aires
26%
Kiev
25%
Nueva York
25%
Tokio
23%
Estambul
22%
Atenas
21%
Ciudad de México
20%
Milán
19%
Ankara
18%
El Cairo
18%
Manchester
18%
San Petersburgo
17%
Brasilia
16%
Fráncfort
16%
Los Angeles
16%
Nueva Delhi
16%
Washington
16%
Hamburgo
15%
Santiago
15%
Bogotá
14%
Colonia / Dusseldorf
14%
Lima
14%
Teherán
14%
Argel
13%
Bagdad
13%
Birmingham
13%
Casablanca
13%
Riad
13%
Río de Janeiro
13%
São Paulo
13%
Shanghái
13%
Damasco
12%
Kinsasa
12%
Lagos
12%
Róterdam
12%
Seúl
12%
Sídney
12%
Abuya
11%
Amán
11%
Bangkok
11%
Bombay
11%
Boston
11%
Calcuta
11%
Cali
11%
Caracas
11%
Chicago
11%
Ciudad del Cabo
11%
Daca
11%
Dubái
11%
Guadalajara
11%
Hong Kong
11%
Kabul
11%
Medellín
11%
Miami
11%
Monterrey
11%
Nairobi
11%
Quito
11%
San Francisco
11%
Seattle
11%
Singapur
11%
Tel Aviv
11%
Toronto
11%
Yakarta
11%
Abiyán
10%
Acra
10%
Adís Abeba
10%
Ahmedabad
10%
Alejandría
10%
Atlanta
10%
Bamako
10%
Bandung
10%
Bangalore
10%
Belo Horizonte
10%
Bhilai
10%
Brisbane
10%
Busan
10%
Campinas
10%
Cantón
10%
Cebú
10%
Changchun
10%
Changsha
10%
Changzhou
10%
Chengdu
10%
Chennai
10%
Chittagong
10%
Chongqing
10%
Cincinnati
10%
Ciudad de Guatemala
10%
Ciudad Ho Chi Minh
10%
Cleveland
10%
Colombo
10%
Curitiba
10%
Daegu
10%
Dakar
10%
Dalian
10%
Dallas
10%
Dar es-Salam
10%
Denver
10%
Detroit
10%
Duala
10%
Durban
10%
Esmirna
10%
Faisalabad
10%
Filadelfia
10%
Fortaleza
10%
Fukuoka
10%
Fuzhou
10%
Guayaquil
10%
Guiyang
10%
Gujranwala
10%
Hangzhou
10%
Hanói
10%
Harbin
10%
Hefei
10%
Houston
10%
Huizhou
10%
Hyderabad
10%
Ibadan
10%
Indore
10%
Isfahan
10%
Jaipur
10%
Jartum
10%
Jinan
10%
Johannesburgo
10%
Kampala
10%
Kano
10%
Kanpur
10%
Kaohsiung
10%
Karachi
10%
Katmandú
10%
Kuala Lumpur
10%
Kumasi
10%
Kunming
10%
Kuwait
10%
Lahore
10%
Lanzhou
10%
Luanda
10%
Lucknow
10%
Manila
10%
Maputo
10%
Mashhad
10%
Medan
10%
Melbourne
10%
Minneapolis
10%
Montreal
10%
Nagoya
10%
Nagpur
10%
Nanchang
10%
Nankin
10%
Nanning
10%
Nápoles
10%
Ningbo
10%
Orlando
10%
Osaka
10%
Phoenix
10%
Pionyang
10%
Porto Alegre
10%
Puebla
10%
Puerto Príncipe
10%
Pune
10%
Qingdao
10%
Rangún
10%
Rawalpindi
10%
Recife
10%
Ruhr
10%
Salvador
10%
Saná
10%
San Diego
10%
Santo Domingo
10%
Shantou
10%
Shenyang
10%
Shijiazhuang
10%
Surabaya
10%
Surat
10%
Taipéi
10%
Taiyuan
10%
Tampa
10%
Tangshan
10%
Taskent
10%
Tianjin
10%
Urumchi
10%
Vancouver
10%
Wenzhou
10%
Wuhan
10%
Wuxi
10%
Xiamen
10%
Xi'an
10%
Xuzhou
10%
Yaundé
10%
Yidda
10%
Zhengzhou
10%
Zibo
10%

Distribución de puntuación

Porcentaje por número respondido

Porcentaje de gente con cada puntuación

Historial de tus puntuaciones

No has tomado esta prueba